Score 0/34 Timer 10:00
0 Plays Today
Parish % Correct
SandwickSkara Brae
81.3%
StennessStanding Stones Of Stenness
62.5%
StennessMaeshowe Chambered Cairn
59.4%
StennessRing Of Brodgar
50%
KirkwallEarls Palace
40.6%
BirsayEarl's Palace
40.6%
KirkwallBishops Palace
37.5%
EvieBroch of Gurness
28.1%
BirsayBrough of Birsay
25%
HoyDwarfie Stane
25%
RousayMidhowe Broch
15.6%
RousayMidhowe Chambered Cairn
15.6%
FirthCuween Hill Chambered Cairn
12.5%
HoyHackness Martello Tower and Battery
12.5%
Papa WestrayKnap Of Howar
12.5%
DounbyClick Mill
9.4%
WestrayLinks of Noltland
9.4%
Parish % Correct
WestrayNoltland Castle
9.4%
StennessUnstan Chambered Cairn
9.4%
SandayQuoyness Chambered Cairn
6.3%
FirthRennibister Earth House
6.3%
WyreCubbie Roo's Castle & St Mary's Chapel
3.1%
St OlaGrain Earth House
3.1%
EgilsaySt Magnus Church
3.1%
RousayTaversöe Tuick Chambered Cairn
3.1%
OrphirEarl's Bu
0%
RousayKnowe Of Yarso Chambered Cairn
0%
StennessTormiston Mill
0%
St OlaWideford Hill Chambered Cairn
0%
RousayBlackhammer Chambered Carin
-3.1%
EynhallowEynhallow Church
-3.1%
Holm of Papa WestrayHolm Of Papa Westray Chambered Cairn
-3.1%
WestrayPierowall Church
-3.1%
WestrayWestside Church
-3.1%
Remove Ads.
Support Sporcle.
Get the best of Sporcle when you Go Orange. This ad-free experience offers more features, more stats, and more fun while also helping to support Sporcle. Thank you for becoming a member.

You're not logged in!

Compare scores with friends on all Sporcle quizzes.
OR
Log In

Show Comments

Extras

Created Sep 28, 2009SourceReportNominate
Tags:parish, scotland, site

Top Quizzes Today


Score Distribution

Your Account Isn't Verified!

In order to create a playlist on Sporcle, you need to verify the email address you used during registration. Go to your Sporcle Settings to finish the process.

Report this User

Report this user for behavior that violates our Community Guidelines.

Details: